01653nam a2200433 i 450000100060000000300080000600500170001400600190003100700150005000800410006502000180010602000270012403500230015103500240017403500250019803500210022304000310024405000210027508000080029608200140030410000360031824500870035426400640044130000410050533600310054633700330057733800430061058801250065359001640077865000240094265000320096665000250099865000400102365500270106370000310109079700190112185600620114099900170120221748FlNmELB20241216213942.0m o d | cr cnu||||||||150401s2014 mx o 000 0 spa d z9786074387254 a9786074388732 (e-book) a(MiAaPQ)EBC3227517 a(Au-PeEL)EBL3227517 a(CaPaEBR)ebr11013458 a(OCoLC)908045554 aFINmELBbspaerdacFINmELB 4aTS157bT693 2014 a6580 a658.52231 aTorres Hernández, Zacarías.10aPlaneación y control /cZacarías Torres Hernández, Helí Torres Martínez. 1aMéxico D.F. :bLarousse - Grupo Editorial Patria,c[2014] a1 recurso en línea (474 páginas) atextobtxt2rdacontent/spa acomputadorabc2rdamedia/spa arecurso en líneabcr2rdacarrier/spa aDescripción basada en recurso en línea; Título de la página del título en PDF (e-libro, visto April 01, 2015). aRecurso electrónico. Santa Fe, Arg.: e-libro, 2015. Disponible vía World Wide Web. El acceso puede estar limitado para las bibliotecas afiliadas a e-libro. 0aProduction control. 4aControl de la producción. 0aProduction planning. 4aPlanificación de la producción. 4aLibros electrónicos.1 aTorres Martínez, Helí.2 ae-libro, Corp.40uhttps://elibro.net/ereader/politecnicointernacional/39408 c21748d21748